Statistiques concernant Sélection de Tuiles - Disciplines olympiques

Cliquez ici pour prendre le quiz!

Statistiques générales

  • Ce quiz a été pris 235 fois
  • Le résultat moyen est 53 sur 80

Statistiques - réponses

QuestionTuileSelect% Correct
sont nouvellement introduites au Jeux Olympiques Tokyo 2020Non
97%
sont nouvellement introduites au Jeux Olympiques Tokyo 2020Non
97%
sont nouvellement introduites au Jeux Olympiques Tokyo 2020Non
96%
sont nouvellement introduites au Jeux Olympiques Tokyo 2020Non
95%
sont nouvellement introduites au Jeux Olympiques Tokyo 2020Non
95%
sont nouvellement introduites au Jeux Olympiques Tokyo 2020Non
93%
sont nouvellement introduites au Jeux Olympiques Tokyo 2020Non
90%
ont orné d'or des sportifs françaisNon
90%
ont orné d'or des sportifs françaisNon
89%
sont nouvellement introduites au Jeux Olympiques Tokyo 2020Non
89%
ont disparu des Jeux Olympiques d'étéNon
88%
ne sont pas disciplines olympiques officiellesNon
88%
ont disparu des Jeux Olympiques d'étéNon
88%
ont orné d'or des sportifs françaisNon
87%
ont disparu des Jeux Olympiques d'étéNon
87%
ont orné d'or des sportifs françaisNon
86%
ne sont pas disciplines olympiques officiellesNon
86%
ont disparu des Jeux Olympiques d'étéNon
86%
ne sont pas disciplines olympiques officiellesNon
86%
ne sont pas disciplines olympiques officiellesNon
86%
ont disparu des Jeux Olympiques d'étéNon
86%
ne sont pas disciplines olympiques officiellesNon
84%
ont disparu des Jeux Olympiques d'étéNon
83%
ont disparu des Jeux Olympiques d'étéNon
83%
sont nouvellement introduites au Jeux Olympiques Tokyo 2020Oui
82%
ne sont pas disciplines olympiques officiellesOui
81%
ne sont pas disciplines olympiques officiellesNon
81%
ne sont pas disciplines olympiques officiellesNon
81%
ont orné d'or des sportifs françaisOui
80%
ne sont pas disciplines olympiques officiellesOui
80%
ont orné d'or des sportifs françaisNon
80%
ont un équivalent paralympiqueNon
79%
ne sont pas disciplines olympiques officiellesOui
78%
ne sont pas disciplines olympiques officiellesNon
78%
ont un équivalent paralympiqueNon
76%
ont orné d'or des sportifs françaisNon
76%
ont un équivalent paralympiqueNon
76%
ont un équivalent paralympiqueNon
76%
ont un équivalent paralympiqueNon
74%
ne sont pas disciplines olympiques officiellesOui
73%
ont disparu des Jeux Olympiques d'étéOui
72%
ont disparu des Jeux Olympiques d'étéNon
71%
ont orné d'or des sportifs françaisOui
71%
ne sont pas disciplines olympiques officiellesOui
71%
ont un équivalent paralympiqueNon
70%
ont orné d'or des sportifs françaisNon
69%
ont disparu des Jeux Olympiques d'étéOui
68%
ont orné d'or des sportifs françaisOui
67%
ont disparu des Jeux Olympiques d'étéOui
67%
ont disparu des Jeux Olympiques d'étéOui
67%
sont nouvellement introduites au Jeux Olympiques Tokyo 2020Oui
65%
ont un équivalent paralympiqueOui
65%
sont nouvellement introduites au Jeux Olympiques Tokyo 2020Oui
65%
ne sont pas disciplines olympiques officiellesOui
63%
ont un équivalent paralympiqueOui
61%
ont un équivalent paralympiqueOui
59%
ont disparu des Jeux Olympiques d'étéOui
59%
ont un équivalent paralympiqueOui
58%
ont disparu des Jeux Olympiques d'étéOui
57%
sont nouvellement introduites au Jeux Olympiques Tokyo 2020Oui
56%
ont un équivalent paralympiqueNon
52%
ont un équivalent paralympiqueOui
50%
ont un équivalent paralympiqueOui
50%
ont orné d'or des sportifs françaisOui
46%
ont orné d'or des sportifs françaisNon
40%
ont orné d'or des sportifs françaisOui
39%
ont un équivalent paralympiqueOui
38%
ont orné d'or des sportifs françaisOui
34%
sont nouvellement introduites au Jeux Olympiques Tokyo 2020Oui
33%
ont un équivalent paralympiqueOui
31%
sont nouvellement introduites au Jeux Olympiques Tokyo 2020Oui
31%
ont un équivalent paralympiqueOui
30%
ont orné d'or des sportifs françaisOui
24%
ne sont pas disciplines olympiques officiellesOui
22%
sont nouvellement introduites au Jeux Olympiques Tokyo 2020Oui
21%
ne sont pas disciplines olympiques officiellesOui
20%
ont disparu des Jeux Olympiques d'étéOui
18%
ont orné d'or des sportifs françaisOui
16%
ont disparu des Jeux Olympiques d'étéOui
15%
sont nouvellement introduites au Jeux Olympiques Tokyo 2020Oui
4%

Distribution des résultats

Percentile par nombre de réponses

% des personnes avec chaque résultat

Votre développement - résultats

Vous n’avez pas pris ce quiz